000 00302nam a22001217a 4500
008 160422b xxu||||| |||| 00| 0 eng d
020 _a9780815187745
020 _a0815187742
041 _aeng
080 _a618.2
245 _aHealth assessment of nursing practice;
_cSusan F. Wilson;
942 _2udc
_cBK
999 _c1504
_d1504